000 00736nam a2200229 cc4500
001 000030540
003 RuMoIPM
005 20260513105525.0
008 230210s1951 ru ||||||| |||| ||rus d
035 _a(RuMoBEN) 002102370
035 _a(ELAR retro) [2022] 000126894
040 _aRuMoBEN
_brus
_ercr
041 0 _arus
044 _aru
080 _a510(075.8)
245 1 0 _aТ. 4
_cВ. И. Смирнов
250 _a2-е изд.
260 _aМосква
_aЛенинград
_bГостехиздат
_c1951
300 _a804 с.
773 _aСмирнов, Владимир Иванович
_tКурс высшей математики: [Учебная литература для вузов]
_w000018741
942 _cBK
999 _c30540
_d30540